000 00498nam a2200157 4500
001 138609
003 ES-MaACL
005 20230906195611.0
007 t|
008 070214s1919 sp r ||||1| spa d
100 1 _aSantamaría Peña, Federico.
_9103313
245 1 0 _aComentarios al Código Canónico /
_cpor el presbítero D. Federico Santamaría Peña.
260 _aMadrid :
_b[s. n.],
_c1919 (
_fSucesor de Enrique Teodoro)
300 _a2 v. ;
_c25 x 18 cm.
852 _aES-MaACL
_jG-14164-65
999 _c138609
_d138609